00752nam a2200241Ia 4500001000700000003000500007008004100012010001100053020001800064040000900082082001900091100002300110245010500133250001100238260006400249300001600313503001800329504003700347650004400384650002300428700003100451700002800482Z_6387CHAP220113s1995 xx 000 0 und d a169643 a0-13-174484-4 cCHAP a633.2 H65 1995 aHolechek, Jerry L. aRange management : principles and practices /cJerry L. Holechek, Rex D. Pieper y Carlton H. Herbel a2a ed. aEstados Unidos de América :bPearson Pretice Hall,c1995 avxi, 526 p. aej.1: 0180743 aIncluye bibliografá e índice aPastizalesxEstados Unidos de América aPastizalesxManejo a Herbel, Carlton H, coaut. aPieper, Rex D., coaut.